Central Library OPAC University of Rajshahi

The aims of American foreign policy / (Record no. 42258)

MARC details
000 -LEADER
fixed length control field 00874nam a2200277 a 4500
001 - CONTROL NUMBER
control field 42258
003 - CONTROL NUMBER IDENTIFIER
rucl marc code BD-RjUL
005 - DATE AND TIME OF LATEST TRANSACTION
control field 20211209053520.0
008 - FIXED-LENGTH DATA ELEMENTS--GENERAL INFORMATION
fixed length control field 160611s1969 mou b 000 0 eng
035 ## - SYSTEM CONTROL NUMBER
System control number (OCoLC)ocm00033380
System control number (BD-RjUL)42376
040 ## - CATALOGING SOURCE
Original cataloging agency DLC
Transcribing agency DLC
Modifying agency m.c.
-- ZCU
-- BD-RjUL
Language of cataloging eng
041 ## - LANGUAGE CODE
Language code of text/sound track or separate title eng
082 ## - DEWEY DECIMAL CLASSIFICATION NUMBER
Classification number 327.73
Author mark and year SMA 1969
100 1# - MAIN ENTRY--PERSONAL NAME
Personal name Smith, Gaddis.
9 (RLIN) 129956
245 14 - TITLE STATEMENT
Title The aims of American foreign policy /
Statement of responsibility, etc. Gaddis Smith
260 ## - PUBLICATION, DISTRIBUTION, ETC. (IMPRINT)
Place of publication, distribution, etc. St. Louis :
Name of publisher, distributor, etc. McGraw-Hill,
Date of publication, distribution, etc. 1969
300 ## - PHYSICAL DESCRIPTION
Pagination x, 117 p. ;
Size 23 cm.
490 1# - SERIES STATEMENT
Series statement Grass roots guidebook series
500 ## - GENERAL NOTE
General note Part 2 (p. 62-117) contains a selection of historical documents.
504 ## - BIBLIOGRAPHY, ETC. NOTE
Bibliography, etc Bibliography: p. 59-60.
651 #0 - SUBJECT ADDED ENTRY--GEOGRAPHIC NAME
Geographic name United States
General subdivision Foreign relations.
9 (RLIN) 129957
830 #0 - SERIES ADDED ENTRY--UNIFORM TITLE
Uniform title Grass roots guidebooks series.
942 ## - ADDED ENTRY ELEMENTS (KOHA)
Source of classification or shelving scheme Dewey Decimal Classification
Koha item type Books
Holdings
Lost status Source of classification or shelving scheme Damaged status Not for loan Collection code Permanent Location Current Location Shelving location Date acquired Source of acquisition Cost, normal purchase price Total Checkouts Full call number Date last seen Copy number Koha item type
  Dewey Decimal Classification     Non-fiction Central Library, University of Rajshahi Central Library, University of Rajshahi   02/07/1974 Euro Bangladesh New Agency 27.50   327.73 SMA 1969 11/06/2016 C-2 Books